Guess the Pokémon by Base Stat Spread - Statistics

General Stats
  • This quiz has been taken 255 times
  • The average score is 6 of 15
Answer Stats
HP Attack Defense Sp. Attack Sp. Defense Speed Total Answer % Correct
120 120 120 120 120 120 720 Arceus
74%
1 90 45 30 30 40 236 Shedinja
66%
20 10 230 10 230 5 505 Shuckle
59%
35 55 40 50 50 90 320 Pikachu
51%
108 130 95 80 85 102 600 Garchomp
49%
55 55 55 135 135 135 570 Flutter Mane
44%
80 50 100 100 200 50 580 Regice
38%
61 131 211 53 101 13 570 Stakataka
36%
20 10 55 15 20 80 200 Magikarp
25%
76 147 90 60 70 97 540 Haxorus
24%
60 60 60 60 60 60 360 Spinda
24%
48 48 48 48 48 48 288 Ditto
23%
95 65 65 110 130 60 525 Sylveon
18%
95 115 90 80 90 60 530 Incineroar
16%
45 30 40 105 50 20 290 Solosis
12%
No matching quizzes found
Score Distribution
Percent of People with Each Score
Percentile by Number Answered
Your Score History
You have not taken this quiz